=LDR 00000nam 2200000 4500 =001 INLIS000000000052698 =005 20180226081119 =035 ##$$a 0010-0218000394 =007 ta =008 180226###########################0###### =020 ##$$a 978-979-756-534-3 =082 ##$$a 536.7 =084 ##$$a 536.7 AIN t =100 #$$a Ainie Khuriati Riza Sulistiati =245 1#$$a Termodinamika /$c Ainie Khuriati Riza Sulistiati =260 ##$$a Yogyakarta :$b Graha Ilmu,$c 2013 =300 ##$$a xii, 320 hlm. : $b ilus ; $c 26 cm =650 ##$$a Termodinamika =504 ##$$a Bibliografi : hlm. 317 - 318 =990 ##$$a 46894689 =990 ##$$a 46894689 =990 ##$$a 46894689 =990 ##$$a 46894689 =990 ##$$a 46894689 =990 ##$$a 21709131 =990 ##$$a 01201804689 =990 ##$$a 01201804690 =990 ##$$a 01201804691 =990 ##$$a 01201804692 =990 ##$$a 21709132 =990 ##$$a 01201804689 =990 ##$$a 01201804690 =990 ##$$a 01201804691 =990 ##$$a 21709131 =990 ##$$a 21709133 =990 ##$$a 01201804689 =990 ##$$a 01201804690 =990 ##$$a 21709132 =990 ##$$a 21709131 =990 ##$$a 21709134 =990 ##$$a 01201804689 =990 ##$$a 21709133 =990 ##$$a 21709132 =990 ##$$a 21709131 =990 ##$$a 21709135 =990 ##$$a 21709134 =990 ##$$a 21709133 =990 ##$$a 21709132 =990 ##$$a 21709131 =990 ##$$a 20021737 =990 ##$$a 21709134 =990 ##$$a 21709133 =990 ##$$a 21709132 =990 ##$$a 21709131